00365nam a2200109 a 4500008004100000050001100041100001800052245005800070246002200128260009600150350000900246120416s1997 ||||||||||||||||| || u aTHESIS aKatyoka, M. M10aTaxation and its effects on real property development athe case of Ndola aKitwebCopperbelt University, School of Built Environment, Department of Land Economyc1997 a0.00